Icon NFL Jersey Numbers - Whammies - Statistics

General Stats
  • This quiz has been taken 348 times
  • The average score is 11 of 16
Answer Stats
Position Jersey # % Correct
Tom Brady, Aaron Rogers, Joe Namath 12
99%
Warren Sapp, J.J. Watt, Jason Taylor 99
89%
Patrick Mahomes, Bart Starr, Brandon Marshall 15
88%
Lamar Jackson, Steve Young, Troy Aikman 8
88%
Dave Casper, Travis Kelce, Rob Gronkowski 87
87%
Deion Sanders, LaDainian Tomlinson, Frank Gore 21
76%
Tyreek Hill, Eli Manning, Fran Tarkenton 10
74%
T.J. Watt, Julius Peppers, Neil Smith 90
65%
Dak Prescott, Deshaun Watson, Brett Favre 4
64%
Drew Pearson, CeeDee Lamb, Michael Irvin 88
63%
Chris Jones, Myles Garrett, Richard Dent 95
61%
Micah Parsons, Drew Bledsoe, Sebastian Janikowski 11
58%
Brian Urlacher, Fred Warner, Randy White 54
54%
Nick Bosa, Joey Bosa, Cameron Heyward 97
51%
Dick Butkus, Michael Danna, Nick Herbig 51
30%
Howie Long, Joe Greene, Sean Rhyan 75
24%
No matching quizzes found
Score Distribution
Percent of People with Each Score
Percentile by Number Answered
Your Score History
You have not taken this quiz